Detalles MARC
| 000 -CABECERA |
| campo de control de longitud fija |
02004nam a2200265 i 4500 |
| 003 - IDENTIFICADOR DEL NÚMERO DE CONTROL |
| campo de control |
DO-SdBNP |
| 005 - FECHA Y HORA DE LA ÚLTIMA TRANSACCIÓN |
| campo de control |
20251215122618.0 |
| 007 - CAMPO FIJO DE DESCRIPCIÓN FÍSICA--INFORMACIÓN GENERAL |
| campo de control de longitud fija |
ta |
| 008 - DATOS DE LONGITUD FIJA--INFORMACIÓN GENERAL |
| campo de control de longitud fija |
251014b2025 dr ||||| |||| 00| e spa d |
| 020 ## - NÚMERO INTERNACIONAL ESTÁNDAR DEL LIBRO |
| Número Internacional Estándar del Libro |
9789945656299 |
| 040 ## - FUENTE DE LA CATALOGACIÓN |
| Centro catalogador/agencia de origen |
DO-SdBNP |
| Lengua de catalogación |
spa |
| Centro/agencia transcriptor |
BNPHU |
| Normas de descripción |
rda |
| 041 ## - CÓDIGO DE LENGUA |
| Código de lengua del texto/banda sonora o título independiente |
spa |
| 082 #4 - NÚMERO DE LA CLASIFICACIÓN DECIMAL DEWEY |
| Número de clasificación |
xxxx |
| Número de documento/Ítem |
A676e |
| Número de edición |
22 |
| 100 ## - ENTRADA PRINCIPAL--NOMBRE DE PERSONA |
| Nombre de persona |
Ardavín Trabanco, Carlos X., |
| Fechas asociadas al nombre |
1967- |
| Código de función/relación |
aut. |
| 9 (RLIN) |
20519 |
| Término indicativo de función/relación |
autor |
| 245 13 - MENCIÓN DE TÍTULO |
| Título |
La escritura de Máximo Vega / |
| Mención de responsabilidad, etc. |
editor, Carlos Ardavín Trabanco. |
| 264 ## - PRODUCCIÓN, PUBLICACIÓN, DISTRIBUCIÓN, FABRICACIÓN Y COPYRIGHT |
| Producción, publicación, distribución, fabricación y copyright |
Santo Domingo : |
| Nombre del de productor, editor, distribuidor, fabricante |
Editorial Santuario, |
| Fecha de producción, publicación, distribución, fabricación o copyright |
2025. |
| 300 ## - DESCRIPCIÓN FÍSICA |
| Extensión |
128 páginas ; |
| Dimensiones |
23 cm. |
| 336 ## - TIPO DE CONTENIDO |
| Término de tipo de contenido |
texto |
| Código de tipo de contenido |
txt |
| Fuente |
rdacontent |
| 337 ## - TIPO DE MEDIO |
| Nombre/término del tipo de medio |
sin mediación |
| Código del tipo de medio |
n |
| Fuente |
rdamedia |
| 338 ## - TIPO DE SOPORTE |
| Nombre/término del tipo de soporte |
volumen |
| Código del tipo de soporte |
nc |
| Fuente |
rdacarrier |
| 500 ## - NOTA GENERAL |
| Nota general |
Incluye datos biográficos de los autores en las solapas. <br/> |
| 505 ## - NOTA DE CONTENIDO CON FORMATO |
| Nota de contenido con formato |
Notas previa, 11. -- |
| Información miscelánea |
I. Reseñas y comentarios. |
| Título |
Juguete de madera: un comentario / |
| Mención de responsabilidad |
Manuel Vicioso, 15 -- |
| Título |
El mundo ajeno de Ana / |
| Mención de responsabilidad |
Ubaldo Rosario, 19 -- |
| Título |
La ciudad perdida / |
| Mención de responsabilidad |
José Acosta, 21 -- |
| Título |
Era lunes ayer / |
| Mención de responsabilidad |
José Alcántara Almánzar, 25 -- |
| Título |
Palma sola: novela en l os linderos de la historia / |
| Mención de responsabilidad |
José Rafael Lantigua, 29 -- |
| Información miscelánea |
II. Estudios. -- |
| Título |
El juego narrativo de Máximo Vega / |
| Mención de responsabilidad |
Fernando Cabrera, 35 -- |
| Título |
Juguete de madera: retorno al placer del éxito / |
| Mención de responsabilidad |
Nana Chevalier, 43 -- |
| Título |
Oraciones para cuando llegue el fin del mundo / |
| Mención de responsabilidad |
Manuel Llibre Otero, 51 -- |
| Título |
Entre el ensayo y la crítica en el libro de los últimos días / |
| Mención de responsabilidad |
Enegildo Peña, 57 -- |
| Título |
Amor e intelectualidad en Palma Sola / |
| Mención de responsabilidad |
Giovani Di Pietro, 63 -- |
| Información miscelánea |
III. Entrevista. -- |
| Título |
Máximo Vega: rompiendo con el mito del pesimismo dominicano / |
| Mención de responsabilidad |
Ruth Herrera, 81 -- |
| Título |
Un mercenario que hace literatura / |
| Mención de responsabilidad |
Altagracia Pérez, 89 -- |
| Título |
El otro lado del espejo / |
| Mención de responsabilidad |
René Rodríguez Soriano, 97 -- |
| Título |
Máximo Vega: entrevista / |
| Mención de responsabilidad |
Clodomiro Moquete, 103 -- |
| Título |
En torno a juguete de madera / |
| Mención de responsabilidad |
Rosa Silverio, 115 -- |
| Título |
Máximo Vega muy personal / |
| Mención de responsabilidad |
Yngrid González de Rodríguez, 123 -- |
| Título |
Obras de Máximo Vega, 127 |
| 590 ## - NOTA LOCAL (RLIN) |
| Nota local |
Inventariado, 2025 /LP |
| 942 ## - ELEMENTOS DE PUNTO DE ACCESO ADICIONAL (KOHA) |
| Fuente del sistema de clasificación o colocación |
Dewey Decimal Classification |
| Tipo de ítem Koha |
Libro |